000 00572cam a2200217ua 4500
001 8582
005 20260515114342.0
008 150206n ii |||gr||||Z||||||eng
020 _a8120717236
040 _cMAIN
041 _aeng
082 _a414
100 _aMohanraj, J.,
_eAuthor.
245 1 _aSpoken-conversational english :
_bResourse book for teachers of english /
_cBy Jayashree Mohanraj .
250 _a1st.
260 _aNew Delhi:
_bSterling,
_c1996.
300 _ax,100p.
653 _aPhonology & phonetics
653 _aSpoken english
942 _cBK
999 _c7676
_d7676